| 000 | 00826nam a22001817a 4500 | ||
|---|---|---|---|
| 005 | 20250519143231.0 | ||
| 010 | _aHIN-129746 | ||
| 020 |
_a9789334027082 _c300.00 |
||
| 035 | _aHN-102092 | ||
| 037 | _bDBAD | ||
| 082 | _a821.08 | ||
| 100 |
_aसीलक,नरेन्द्र _981267 |
||
| 245 |
_aविश्वकर्मा समाज के विभूतिमान सन्त/ _cनरेन्द्र सीलक _bसंत तुकाराम की कविताएँ |
||
| 260 |
_aजोधपुर _bवीणा प्रकाशन _c2024 |
||
| 270 |
_aहोली चौक के पास , नयापुर लाल सागर _bजोधपुर _e34 2026 |
||
| 300 |
_a363पृ. _c20सेमी.(जिल्द) |
||
| 942 |
_2ddc _cHN _h821.08 _mसीलक |
||
| 999 |
_c211319 _d211319 |
||